Подробности
| 000 -МАРКЕР |
| контрольное поле |
02645nam0a2200397 4500 |
| 001 - ИДЕНТИФИКАТОР ЗАПИСИ |
| контрольное поле |
RU\NLR\BIBL_A\022438356 |
| 005 - ИДЕНТИФИКАТОР ВЕРСИИ |
| контрольное поле |
20260531082656.0 |
| 010 ## - МЕЖДУНАРОДНЫЙ СТАНДАРТНЫЙ НОМЕР КНИГИ (ISBN) |
| Номер (ISBN) |
978-5-7565-0979-3 |
| Тираж |
100 |
| 021 ## - НОМЕР ГОСУДАРСТВЕННОЙ РЕГИСТРАЦИИ |
| Код страны |
Российская Федерация |
| Номер |
КН-П-24-075024 |
| Номер Листа государственной регистраци |
КН-П-24-7497 |
| 035 ## - ДРУГИЕ СИСТЕМНЫЕ НОМЕРА |
| Идентификатор записи |
(NLR Aleph) 022438356 |
| 100 ## - ДАННЫЕ ОБЩЕЙ ОБРАБОТКИ |
| Данные общей обработки |
20250129d2024 u y0rusy50 ca |
| 101 0# - ЯЗЫК РЕСУРСА |
| Язык текста, звукозаписи и т.д. |
русский |
| 102 ## - СТРАНА ПУБЛИКАЦИИ ИЛИ ПРОИЗВОДСТВА |
| Страна публикации |
Российская Федерация |
| 105 ## - ПОЛЕ КОДИРОВАННЫХ ДАННЫХ: ТЕКСТОВЫЕ МАТЕРИАЛЫ, МОНОГРАФИЧЕСКИЕ |
| Кодированные данные о монографическом текстовом документе |
a j 000yy |
| 181 #0 - ПОЛЕ КОДИРОВАННЫХ ДАННЫХ: ВИД СОДЕРЖАНИЯ |
| Код вида содержания (ISBD) |
i3 |
| Код характеристики содержания (ISBD) |
axxe |
| 182 #0 - ПОЛЕ КОДИРОВАННЫХ ДАННЫХ: ТИП СРЕДСТВА |
| Код типа средства (ISBD) |
n - непосредственное |
| 200 1# - ЗАГЛАВИЕ И СВЕДЕНИЯ ОБ ОТВЕТСТВЕННОСТИ |
| Основное заглавие |
Разговор о здоровье |
| Сведения, относящиеся к заглавию |
сценарии занятий для внеурочной деятельности в начальной школе |
| -- |
первый год обучения |
| -- |
методическое пособие |
| Первые сведения об ответственности |
авторы-разработчики: О. С. Гладышева, докт. биол. наук, профессор, И. Ю. Абросимова, канд. пед. наук, доцент, М. А. Нежгородова, учитель, Л. В. Никитина, учитель |
| Последующие сведения об ответственности |
Государственное бюджетное образовательное учреждение дополнительного профессионального образования "Нижегородский институт развития образования" |
| 203 ## - ВИД СОДЕРЖАНИЯ И ТИП СРЕДСТВА |
| Вид содержания |
Текст |
| Дополнительные сведения об издании |
визуальный |
| Тип средства |
непосредственный |
| 210 ## - ПУБЛИКАЦИЯ, РАСПРОСТРАНЕНИЕ И ДР. |
| Место издания, распространения и т.д. |
Нижний Новгород |
| Имя издателя, распространителя и т. д. |
НИРО |
| Дата издания, распространения и т.д. |
2024 |
| 215 ## - ФИЗИЧЕСКАЯ ХАРАКТЕРИСТИКА |
| Специфическое обозначение материала и объем |
94, [1] с. |
| Другие сведения о физической характеристике |
ил. |
| Размеры |
20 |
| 225 1# - СЕРИЯ |
| Основное заглавие серии |
Реализация направления "Здоровый образ жизни" |
| 300 ## - ОБЩИЕ ПРИМЕЧАНИЯ |
| Текст примечания |
Авт. указаны на обороте тит. с. |
| 320 ## - ПРИМЕЧАНИЯ О НАЛИЧИИ В ДОКУМЕНТЕ БИБЛИОГРАФИИ / УКАЗАТЕЛЯ |
| Текст примечания |
Библиогр.: с. 90–91 (9 назв.) |
| 606 1# - НАИМЕНОВАНИЕ ТЕМЫ КАК ПРЕДМЕТ |
| Наименование темы |
Дети младшего школьного возраста |
| Формальный подзаголовок |
Методические пособия |
| Тематический подзаголовок |
Воспитание здорового образа жизни |
| Системный номер авторитетной/нормативной записи |
2526441 |
| Идентификатор авторитетной/нормативной записи |
RU\NLR\AUTH\661496737 |
| 686 1# - ИНДЕКСЫ ДРУГИХ КЛАССИФИКАЦИЙ |
| Индекс |
Ч421.354.1,01я8 |
| 701 #1 - ИМЯ ЛИЦА - АЛЬТЕРНАТИВНАЯ ОТВЕТСТВЕННОСТЬ |
| Начальный элемент ввода |
Гладышева |
| Часть имени, кроме начального элемента ввода |
О. С. |
| Расширение инициалов личного имени |
Ольга Семеновна |
| 701 #1 - ИМЯ ЛИЦА - АЛЬТЕРНАТИВНАЯ ОТВЕТСТВЕННОСТЬ |
| Графика поля |
Кириллица |
| Материалы, к которым относится поле |
rus |
| Начальный элемент ввода |
Абросимова |
| Часть имени, кроме начального элемента ввода |
И. Ю. |
| Дополнения к именам, кроме дат |
канд. пед. наук |
| Расширение инициалов личного имени |
Ирина Юрьевна |
| Идентификатор авторитетной/нормативной записи |
RU\NLR\AUTH\770139797 |
| Системный номер авторитетной/нормативной записи |
139762 |
| 701 #1 - ИМЯ ЛИЦА - АЛЬТЕРНАТИВНАЯ ОТВЕТСТВЕННОСТЬ |
| Начальный элемент ввода |
Нежгородова |
| Часть имени, кроме начального элемента ввода |
М. А. |
| 701 #1 - ИМЯ ЛИЦА - АЛЬТЕРНАТИВНАЯ ОТВЕТСТВЕННОСТЬ |
| Начальный элемент ввода |
Никитина |
| Часть имени, кроме начального элемента ввода |
Л. В. |
| Дополнения к именам, кроме дат |
педагог, начальное образование |
| Даты |
1971- |
| Расширение инициалов личного имени |
Лариса Владимировна |
| Системный номер авторитетной/нормативной записи |
2649962 |
| Идентификатор авторитетной/нормативной записи |
RU\NLR\AUTH\770277995 |
| 712 02 - НАИМЕНОВАНИЕ ОРГАНИЗАЦИИ - ВТОРИЧНАЯ ОТВЕТСТВЕННОСТЬ |
| Код отношения |
Издающая организация |
| Начальный элемент ввода |
Нижегородский институт развития образования |
| Системный номер авторитетной/нормативной записи |
310242 |
| Идентификатор авторитетной/нормативной записи |
RU\NLR\AUTH\8818507 |
| 942 ## - ДОПОЛНИТЕЛЬНЫЕ ЭЛЕМЕНТЫ ЗАПИСИ (АБИС) |
| Тип экземпляра АБИС |
Книга |
| 980 ## - КОЛЛЕКЦИЯ |
| Название коллекции |
Национальная библиография |